SN54S481SN74S481 4- Bit- slice schottky processor elements data manual

Spremljeno u:
Bibliografski detalji
Format: Knjiga
Jezik:Undetermined
Izdano: Taxas Instruments 1976
Teme:
Oznake: Dodaj oznaku
Bez oznaka, Budi prvi tko označuje ovaj zapis!
Thư viện lưu trữ: Trung tâm Học liệu Trường Đại học Cần Thơ
LEADER 00422nam a2200145Ia 4500
001 CTU_99112
008 210402s9999 xx 000 0 und d
082 |a 004 
082 |b B624 
245 0 |a SN54S481SN74S481 4- Bit- slice schottky processor elements data manual 
260 |b Taxas Instruments 
260 |c 1976 
650 |a Data processing 
904 |i M.Loan 
980 |a Trung tâm Học liệu Trường Đại học Cần Thơ